<?xml version="1.0" encoding="UTF-8"?>
<record
    xmlns:xsi="http://www.w3.org/2001/XMLSchema-instance"
    xsi:schemaLocation="http://www.loc.gov/MARC21/slim http://www.loc.gov/standards/marcxml/schema/MARC21slim.xsd"
    xmlns="http://www.loc.gov/MARC21/slim">

  <leader>01174nam a22002297a 4500</leader>
  <controlfield tag="008">081007t        xxu||||| |||| 00| 0 mar</controlfield>
  <datafield tag="010" ind1=" " ind2=" ">
    <subfield code="a">MAR-20008</subfield>
  </datafield>
  <datafield tag="020" ind1=" " ind2=" ">
    <subfield code="c">200.00</subfield>
  </datafield>
  <datafield tag="035" ind1=" " ind2=" ">
    <subfield code="a">MR-12666</subfield>
  </datafield>
  <datafield tag="037" ind1=" " ind2=" ">
    <subfield code="b">D.B.Act /pub</subfield>
  </datafield>
  <datafield tag="082" ind1=" " ind2=" ">
    <subfield code="a">891.46309</subfield>
  </datafield>
  <datafield tag="100" ind1=" " ind2=" ">
    <subfield code="a">&#x932;&#x93E;&#x902;&#x91C;&#x947;&#x935;&#x93E;&#x930;, &#x91C;&#x94D;&#x92F;&#x94B;&#x924;&#x940; </subfield>
  </datafield>
  <datafield tag="245" ind1=" " ind2=" ">
    <subfield code="a">&#x92E;&#x930;&#x93E;&#x920;&#x940; &#x926;&#x932;&#x93F;&#x924; &#x915;&#x93E;&#x926;&#x902;&#x92C;&#x930;&#x940;&#x924;&#x93E;&#x932; &#x938;&#x94D;&#x924;&#x94D;&#x930;&#x940;-&#x91A;&#x93F;&#x924;&#x94D;&#x930;&#x923; /</subfield>
    <subfield code="c">&#x91C;&#x94D;&#x92F;&#x94B;&#x924;&#x940; &#x932;&#x93E;&#x902;&#x91C;&#x947;&#x935;&#x93E;&#x930; </subfield>
  </datafield>
  <datafield tag="246" ind1=" " ind2=" ">
    <subfield code="a">Marathi Dalit Kadambaritil Stri-chitran</subfield>
    <subfield code="b">by Jyoti Lanjewar </subfield>
  </datafield>
  <datafield tag="260" ind1=" " ind2=" ">
    <subfield code="a">&#x92A;&#x941;&#x923;&#x947; </subfield>
    <subfield code="b">&#x938;&#x941;&#x917;&#x93E;&#x935;&#x93E; &#x92A;&#x94D;&#x930;&#x915;&#x93E;&#x936;&#x928; </subfield>
    <subfield code="c">2008</subfield>
  </datafield>
  <datafield tag="270" ind1=" " ind2=" ">
    <subfield code="a">562, &#x938;&#x926;&#x93E;&#x936;&#x93F;&#x935; &#x92A;&#x947;&#x920; </subfield>
    <subfield code="b">&#x92A;&#x941;&#x923;&#x947; </subfield>
    <subfield code="e">30</subfield>
    <subfield code="k">24478263</subfield>
    <subfield code="l">24479228</subfield>
  </datafield>
  <datafield tag="300" ind1=" " ind2=" ">
    <subfield code="a">264 &#x92A;&#x943;</subfield>
    <subfield code="c">22&#x938;&#x947;&#x92E;&#x940; (&#x905;&#x91C;&#x93F;&#x932;&#x94D;&#x926;)</subfield>
  </datafield>
  <datafield tag="650" ind1=" " ind2=" ">
    <subfield code="a">&#x92E;&#x930;&#x93E;&#x920;&#x940; &#x915;&#x93E;&#x926;&#x902;&#x92C;&#x930;&#x940;-&#x938;&#x92E;&#x940;&#x915;&#x94D;&#x937;&#x93E; </subfield>
  </datafield>
  <datafield tag="650" ind1=" " ind2=" ">
    <subfield code="a">Marathi Fiction-Criticism </subfield>
  </datafield>
  <datafield tag="942" ind1=" " ind2=" ">
    <subfield code="2">ddc</subfield>
    <subfield code="c">MR</subfield>
    <subfield code="m">&#x932;&#x93E;&#x902;&#x91C;&#x947;&#x935;&#x93E;</subfield>
    <subfield code="h">891.46309</subfield>
  </datafield>
  <datafield tag="999" ind1=" " ind2=" ">
    <subfield code="c">20966</subfield>
    <subfield code="d">20966</subfield>
  </datafield>
  <datafield tag="952" ind1=" " ind2=" ">
    <subfield code="0">0</subfield>
    <subfield code="1">0</subfield>
    <subfield code="2">ddc</subfield>
    <subfield code="4">0</subfield>
    <subfield code="7">1</subfield>
    <subfield code="8">FIC</subfield>
    <subfield code="a">DBAD</subfield>
    <subfield code="b">DBAD</subfield>
    <subfield code="d">2009-01-14</subfield>
    <subfield code="e">DBAD</subfield>
    <subfield code="g">200.00</subfield>
    <subfield code="l">0</subfield>
    <subfield code="o">891.46309 &#x932;&#x93E;&#x902;&#x91C;&#x947;&#x935;&#x93E;</subfield>
    <subfield code="p">MR-12666</subfield>
    <subfield code="r">2009-01-14 00:00:00</subfield>
    <subfield code="t">1</subfield>
    <subfield code="v">200.00</subfield>
    <subfield code="w">2009-01-14</subfield>
    <subfield code="y">MR</subfield>
  </datafield>
</record>
